London Underground A-Z - Statistics

General Stats
  • This quiz has been taken 657 times
    643 since last reset
  • The average score is 14 of 21
Answer Stats
Hint Answer % Correct
A One of the premier league football (soccer) clubs Arsenal
98%
B The street where the ficticious Sherlock Holmes lived Baker Street
94%
H The only airport with an underground station Heathrow Terminal(s) 1,2 & 3 /4/5
93%
V Underground's busiest station (named after a queen) Victoria
86%
K The station with the most possible changes (including Hogwarts) Kings Cross St Pancras
85%
W Site of one of the grand slam tennis tournaments Wimbledon
84%
G The stop one would get off to 'go and visit the Queen' Green Park
75%
D London Borough of ____and Barking (choice of either of the Tube Stations beginning with the answer) Dagenham East/Heathway
73%
C The business district that is not the City Canary Wharf
72%
T The stop one would need to get off to visit the Tower of London Tower Hill
72%
S The site of the London 2012 Olympics Stratford
70%
E Final station on the eastern part of the Central Line Epping
66%
N The main station for London's August Carnival Notting Hill Gate
66%
P Only Victoria Line Station that does not connect with another Underground Line or mainline station Pimlico
65%
O Busiest Underground Station not connected to a mainline station Oxford Circus
61%
F A place where one can connect with the only mainline service to cross central London Farringdon
58%
I The only station beginning with I Ickenham
53%
U The site of attempted negotiations between Charles I and the Parliamentarians Uxbridge
49%
R The site of Hampton Court Palace Richmond
48%
L North-Western manufacturing town Liverpool Street
38%
M The former site of the London Gallows Marble Arch
27%
No matching quizzes found
Score Distribution
Percent of People with Each Score
Percentile by Number Answered
Your Score History
You have not taken this quiz since the last reset